| 000 | 00963nam a2200265Ia 4500 | ||
|---|---|---|---|
| 008 | 230921m2022 sp 000 0 spa d | ||
| 041 | _aspa | ||
| 245 | 0 | 2 | _a#25N en Castilla La Mancha |
| 260 |
_aToledo : _bCCOO Castilla-La Mancha, _c2022 |
||
| 300 |
_a4 p. ; _c 30 cm |
||
| 500 | _aEn: Gaceta Sindical Digital : Castilla-La Mancha, n. 469 (noviembre 2022), p. 5-8 | ||
| 650 | 0 |
_aDIA INTERNACIONAL DE LA ELIMINACION DE LA VIOLENCIA CONTRA LA MUJER _910927 |
|
| 650 | 0 |
_aACTITUD SINDICAL _961 |
|
| 650 | 0 |
_aCOMUNIDADES AUTONOMAS _9344 |
|
| 650 | 0 |
_aCASTILLA-LA MANCHA _93732 |
|
| 650 | 0 |
_aACOSO SEXUAL _91670 |
|
| 650 | 0 |
_aVIOLENCIA _92442 |
|
| 650 | 0 |
_aDERECHOS DE LA MUJER _9392 |
|
| 650 | 0 |
_aDISCRIMINACION POR RAZONES DE SEXO _9201 |
|
| 650 | 0 |
_aDENUNCIA _93815 |
|
| 710 |
_aCCOO _bCastilla-La Mancha _924880 |
||
| 856 |
_zPDF _uhttps://docpublicos.ccoo.es/cendoc/06522025NCastillaLaMancha.pdf |
||
| 907 | _a25 de Noviembre | ||
| 942 |
_cDOCU_ELEC _2ddc |
||
| 999 |
_c57940 _d57940 |
||